[Event "4NCL Online Division 5"]
[Site "online"]
[Date "2021.03.09"]
[EventDate "2021.03.09"]
[Round "4.84"]
[White "Selvaduarai, Karthisamy"]
[WhiteElo "1548"]
[WhiteTeam "Uxbridge Cyclones"]
[Black "Reilly, Gerard"]
[BlackElo "1792"]
[BlackTeam "Hackney Hackers"]
[Result "0-1"]
[PlyCount "94"]

1. e4 c5 2. Nf3 d6 3. Nc3 Nf6 4. Bc4 a6 5. Be2 b5 6. O-O e6 7. d4 b4 8. Nb1 Nxe4 9. dxc5 Nxc5 10. c3 bxc3 11. Nxc3 Bb7 12. Bg5 Be7 13. Bxe7 Qxe7 14. Rb1 O-O 15. a3 Nc6 16. Na4 Nd7 17. Qc2 Rac8 18. Qb3 Rb8 19. Qc2 Rfc8 20. Qe4 Nde5 21. Nxe5 Nxe5 22. Qf4 Qc7 23. Nc3 Qc6 24. f3 Ba8 25. Rfd1 Qb6+ 26. Kh1 Rxc3 27. Qd2 Rc6 28. Rdc1 Rxc1+ 29. Rxc1 h6 30. Rb1 Qc6 31. Rc1 Qd5 32. Qc2 Ng4 33. h3 Ne5 34. Bxa6 Qa5 35. Bd3 Nxd3 36. Qxd3 Qd5 37. Qc2 Bb7 38. Qc7 Rc8 39. Qxc8+ Bxc8 40. Rxc8+ Kh7 41. b4 Kg6 42. a4 Qb3 43. b5 Qxa4 44. b6 Qa6 45. Rc6 d5 46. Rd6 Kf6 47. f4 Qf1+ 0-1

[Event "4NCL Online Division 5"]
[Site "online"]
[Date "2021.03.09"]
[EventDate "2021.03.09"]
[Round "4.91"]
[White "Brown, Tom"]
[WhiteElo "2068"]
[WhiteTeam "Braunstone 1"]
[Black "McNish, David"]
[BlackElo "1776"]
[BlackTeam "Enfield 1"]
[Result "1-0"]
[PlyCount "149"]

1. d4 Nf6 2. Nf3 g6 3. Nbd2 Bg7 4. e4 d6 5. Bd3 O-O 6. O-O Nc6 7. c3 e5 8. Re1 a6 9. dxe5 dxe5 10. Qe2 h6 11. a4 Be6 12. Nc4 Ne8 13. Be3 Bg4 14. Rad1 Nd6 15. Bc5 Re8 16. Bxd6 cxd6 17. Bc2 Bf8 18. Ne3 Bxf3 19. Qxf3 Qc7 20. Nd5 Qd8 21. Nf6+ Kg7 22. Nxe8+ Qxe8 23. Bb3 Rd8 24. Rd2 Be7 25. Red1 Qf8 26. Bd5 Bg5 27. Rd3 Rd7 28. b4 Nd8 29. b5 axb5 30. axb5 Qe8 31. Ra1 Ne6 32. Bxe6 Qxe6 33. Rd5 Rc7 34. Qd3 Be7 35. Ra4 Qc8 36. c4 b6 37. Qe2 Qb8 38. Rd1 Qc8 39. g3 Qe6 40. Rda1 Bf6 41. Qd3 h5 42. Kg2 h4 43. h3 hxg3 44. fxg3 Rc8 45. Qd5 Qxd5 46. exd5 Bg5 47. h4 Be3 48. Kf3 Bc5 49. Ra7 Re8 50. Rd7 e4+ 51. Ke2 e3 52. Raa7 Rf8 53. g4 Kf6 54. g5+ Kg7 55. Rac7 Kg8 56. Rc6 f5 57. Rcc7 Ra8 58. Rg7+ Kh8 59. Rh7+ Kg8 60. Rcg7+ Kf8 61. Ra7 Rxa7 62. Rxa7 f4 63. Kf3 Bb4 64. Ra2 Bd2 65. Rxd2 exd2 66. Ke2 f3+ 67. Kxd2 Ke7 68. Ke3 Kf7 69. Kxf3 Ke7 70. Kg4 Kf7 71. h5 gxh5+ 72. Kxh5 Kg7 73. g6 Kg8 74. Kg5 Kg7 75. Kf5 1-0

[Event "4NCL Online Division 5"]
[Site "online"]
[Date "2021.03.09"]
[EventDate "2021.03.09"]
[Round "4.92"]
[White "O'Caolaidhe, Cormac"]
[WhiteElo "1564"]
[WhiteTeam "Enfield 1"]
[Black "Bray, David"]
[BlackElo "2036"]
[BlackTeam "Braunstone 1"]
[Result "1-0"]
[PlyCount "93"]

1. d4 d5 2. Nc3 Nf6 3. Bg5 Nbd7 4. Nf3 g6 5. Qd2 Bg7 6. O-O-O c6 7. Bh6 O-O 8. Bxg7 Kxg7 9. h4 h5 10. e3 b5 11. Ne2 Ne4 12. Qe1 a5 13. Ng5 Ndf6 14. f3 Nd6 15. Ng3 a4 16. e4 dxe4 17. fxe4 Ng4 18. e5 Nf5 19. Be2 Nfe3 20. Bxg4 Nxg4 21. N3e4 Qd5 22. Kb1 f6 23. Nf3 Ra7 24. Nc3 Qc4 25. Qf1 Qb4 26. a3 Qa5 27. Qe1 b4 28. Na2 bxa3 29. bxa3 Qb5+ 30. Ka1 Bf5 31. Rb1 Qc4 32. Qc3 Qxc3+ 33. Nxc3 Bxc2 34. Rb2 Bb3 35. Re1 Rd8 36. exf6+ exf6 37. Rbe2 Kf7 38. Na2 Bxa2 39. Kxa2 Rb8 40. Rc2 Rc8 41. Rc5 Re7 42. d5 Rxe1 43. Nxe1 Ke7 44. dxc6 Kd6 45. Rc4 Rxc6 46. Rxa4 Rc2+ 47. Nxc2 1-0

[Event "4NCL Online Division 5"]
[Site "online"]
[Date "2021.03.09"]
[EventDate "2021.03.09"]
[Round "4.93"]
[White "Tang, Julian"]
[WhiteElo "1834"]
[WhiteTeam "Braunstone 1"]
[Black "Banks, Stephen"]
[BlackElo "1422"]
[BlackTeam "Enfield 1"]
[Result "1-0"]
[PlyCount "99"]

1. e4 e5 2. Nf3 d6 3. h3 h6 4. Bc4 Nf6 5. d3 a6 6. a4 Bd7 7. O-O Nc6 8. Be3 Be7 9. Nc3 Qc8 10. Kh2 Be6 11. Nd5 Qd7 12. c3 Bxd5 13. Bxd5 Nd8 14. Qc2 Nxd5 15. exd5 f5 16. Rae1 f4 17. Bd2 Nf7 18. d4 Bf6 19. dxe5 dxe5 20. Bxf4 Qxd5 21. Rd1 Qc5 22. b4 Qe7 23. Rfe1 O-O 24. Bg3 Rfe8 25. Qb3 Kh8 26. Re2 Rad8 27. Rde1 Qe6 28. Qxe6 Rxe6 29. Nxe5 Nxe5 30. Bxe5 Rde8 31. f4 c6 32. g3 Kh7 33. Kg2 Kg8 34. Kf3 Kf7 35. Bxf6 Rxe2 36. Rxe2 Rxe2 37. Kxe2 Kxf6 38. Ke3 g6 39. Ke4 Ke6 40. g4 b6 41. f5+ gxf5+ 42. gxf5+ Kf6 43. h4 h5 44. a5 bxa5 45. bxa5 c5 46. c4 Kf7 47. Ke5 Ke7 48. f6+ Kf7 49. Kf5 Kf8 50. Kg6 1-0

[Event "4NCL Online Division 5"]
[Site "online"]
[Date "2021.03.09"]
[EventDate "2021.03.09"]
[Round "4.94"]
[White "Kapur, Gul"]
[WhiteElo "1466"]
[WhiteTeam "Enfield 1"]
[Black "Booley, Graham M"]
[BlackElo "1799"]
[BlackTeam "Braunstone 1"]
[Result "1/2-1/2"]
[PlyCount "83"]

1. d4 f5 2. Bf4 e6 3. c4 d6 4. Nf3 Nf6 5. Nc3 Be7 6. h4 Nh5 7. e3 Nxf4 8. exf4 Nd7 9. Bd3 Nf6 10. Ng5 h6 11. Nf3 b6 12. Qc2 Nh5 13. Qd2 Bb7 14. d5 O-O 15. dxe6 Bxf3 16. gxf3 c6 17. O-O-O Bf6 18. Qe3 Qe7 19. Kc2 Bxc3 20. bxc3 Rae8 21. Rde1 Rf6 22. Kd2 g6 23. Rhg1 Kh7 24. Bc2 Rxe6 25. Qxe6 Qxe6 26. Rxe6 Rxe6 27. Ba4 c5 28. Bd1 Nxf4 29. a4 a5 30. Rg3 Re5 31. Rg1 d5 32. cxd5 Nxd5 33. Kc2 Nf4 34. c4 Kg7 35. Kc3 Kf6 36. Rf1 Ne6 37. Kd3 Nd4 38. Rg1 Ne6 39. Rf1 Nf4+ 40. Kc3 Ng2 41. Rh1 Nf4 42. Rf1 1/2-1/2

[Event "4NCL Online Division 5"]
[Site "online"]
[Date "2021.03.09"]
[EventDate "2021.03.09"]
[Round "4.101"]
[White "Siddle, Michael"]
[WhiteElo "1477"]
[WhiteTeam "Bishop Knights"]
[Black "Cooney, Brendan"]
[BlackElo "1864"]
[BlackTeam "St Benildus C"]
[Result "0-1"]
[PlyCount "118"]

1. c4 e5 2. g3 Nc6 3. Bg2 f5 4. d3 Nf6 5. Nc3 Bb4 6. a3 Bxc3+ 7. bxc3 d6 8. e3 O-O 9. Ne2 Qe8 10. O-O Kh8 11. d4 Rb8 12. f4 e4 13. Kh1 b6 14. Ng1 Na5 15. Nh3 Nxc4 16. Re1 Bd7 17. a4 h6 18. Bf1 Na5 19. Nf2 Qf7 20. Rb1 Qa2 21. Bd2 Qxa4 22. Qc1 Qc6 23. Bb5 Qd5 24. c4 Qf7 25. Bxa5 bxa5 26. Bxd7 Qxd7 27. Qa3 a4 28. Rb4 Rxb4 29. Qxb4 Qc6 30. Ra1 Ra8 31. Rxa4 Qb6 32. Qxb6 cxb6 33. h3 Kg8 34. Nd1 Kf7 35. Nc3 Ke7 36. Nb5 Kd7 37. Rxa7+ Rxa7 38. Nxa7 Ne8 39. Nb5 Nc7 40. Nc3 Kc6 41. g4 g6 42. Kg2 d5 43. c5 bxc5 44. dxc5 Kxc5 45. gxf5 gxf5 46. Kg3 d4 47. exd4+ Kxd4 48. Ne2+ Ke3 49. Nc3 Kd3 50. Nd1 Nd5 51. Nf2+ Ke2 52. Nh1 e3 53. Kh4 Kf3 54. Kh5 Nxf4+ 55. Kxh6 e2 56. Kg5 e1=Q 57. Kf6 Qe6+ 58. Kg5 Qg6+ 59. Kh4 Ng2# 0-1

[Event "4NCL Online Division 5"]
[Site "online"]
[Date "2021.03.09"]
[EventDate "2021.03.09"]
[Round "4.102"]
[White "Kenny, William"]
[WhiteElo "1726"]
[WhiteTeam "St Benildus C"]
[Black "Clynes, Chris"]
[BlackElo "1398"]
[BlackTeam "Bishop Knights"]
[Result "1-0"]
[PlyCount "61"]

1. e4 e6 2. c4 d5 3. cxd5 exd5 4. Qb3 dxe4 5. Bc4 Qf6 6. Nc3 Bc5 7. Nxe4 Qe7 8. d3 f5 9. Qb5+ Nc6 10. Qxc5 fxe4 11. Qxe7+ Ngxe7 12. dxe4 Nd4 13. Bd3 O-O 14. Ne2 Nec6 15. Be3 Nxe2 16. Kxe2 Ne5 17. Bc2 Be6 18. Rhc1 Ng4 19. Bb3 Bxb3 20. axb3 c6 21. Rxa7 Rxa7 22. Bxa7 Nxh2 23. f3 Ra8 24. Bg1 Ra2 25. Rc2 Ng4 26. fxg4 Ra5 27. Rc5 Ra2 28. Bd4 g6 29. b4 Ra8 30. b5 Ra4 31. Ke3 1-0

[Event "4NCL Online Division 5"]
[Site "online"]
[Date "2021.03.09"]
[EventDate "2021.03.09"]
[Round "4.103"]
[White "Burnett, John"]
[WhiteElo "1191"]
[WhiteTeam "Bishop Knights"]
[Black "Willow, David"]
[BlackElo "1684"]
[BlackTeam "St Benildus C"]
[Result "0-1"]
[PlyCount "66"]

1. c4 Nf6 2. Nc3 g6 3. g3 Bg7 4. Bg2 c6 5. d3 O-O 6. e4 e5 7. Nf3 d6 8. h3 h6 9. Be3 Be6 10. Qb3 Qd7 11. O-O-O b5 12. Qc2 bxc4 13. d4 Qc7 14. dxe5 dxe5 15. Bc5 Rd8 16. g4 Na6 17. Ba3 Bf8 18. Rxd8 Rxd8 19. Nd2 Bxa3 20. bxa3 Nc5 21. Bf1 Nd3+ 22. Bxd3 cxd3 23. Qa4 Rd4 24. Qa6 Bc8 25. Qc4 Rxc4 26. Nxc4 Be6 27. Nd2 Qa5 28. Kb2 Nd7 29. Nb3 Bxb3 30. axb3 Qb6 31. Rf1 Nc5 32. b4 a5 33. Na4 Nxa4+ 0-1

[Event "4NCL Online Division 5"]
[Site "online"]
[Date "2021.03.09"]
[EventDate "2021.03.09"]
[Round "4.104"]
[White "Putar, Slavko"]
[WhiteElo "1676"]
[WhiteTeam "St Benildus C"]
[Black "Clynes, Jamie"]
[BlackElo "874"]
[BlackTeam "Bishop Knights"]
[Result "1-0"]
[PlyCount "111"]

1. e4 c5 2. Nf3 d6 3. c3 Nf6 4. h3 Nxe4 5. Qa4+ Nd7 6. Qxe4 Nf6 7. Bb5+ Bd7 8. Qxb7 Bxb5 9. Qxb5+ Nd7 10. d4 g6 11. dxc5 dxc5 12. O-O Bg7 13. Bf4 O-O 14. Qb3 e5 15. Be3 Rb8 16. Qc2 Nf6 17. Rd1 Qc7 18. Na3 Rfe8 19. Nc4 e4 20. Nfd2 Rbd8 21. Nb3 Nd7 22. Rd5 Qc6 23. Rad1 Bf8 24. Bf4 Qa4 25. Nd6 Bxd6 26. Rxd6 Qb5 27. Qd2 c4 28. Nc1 Re7 29. Rd5 Qc6 30. Ne2 f6 31. Rd6 Qa4 32. h4 Kf7 33. Qd5+ Kg7 34. Nd4 Qxd1+ 35. Kh2 Qg4 36. Bg3 Rde8 37. Nc6 Nb6 38. Qd4 Nd7 39. Nxe7 Rxe7 40. f3 Qf5 41. fxe4 Rxe4 42. Rxd7+ Kh6 43. Qd2+ g5 44. hxg5+ fxg5 45. Rd6+ Kh5 46. Rd5 Qg4 47. Qd1 Qxd1 48. Rxd1 Re2 49. Rd7 Rxb2 50. Rxh7+ Kg6 51. Rxa7 Rc2 52. Be5 Kf5 53. Bd4 g4 54. Kg3 Re2 55. a4 Re4 56. Rc7 1-0

[Event "4NCL Online Division 5"]
[Site "online"]
[Date "2021.03.09"]
[EventDate "2021.03.09"]
[Round "4.111"]
[White "Arnott, Jonathan W"]
[WhiteTitle "CM"]
[WhiteElo "2092"]
[WhiteTeam "Chessable White Rose 3"]
[Black "Karthikeyan, Pranav"]
[BlackElo "722"]
[BlackTeam "BCC Foxes"]
[Result "1-0"]
[PlyCount "31"]

1. e4 e5 2. d4 exd4 3. Nf3 Nc6 4. Bc4 Bc5 5. c3 dxc3 6. Bxf7+ Kxf7 7. Qd5+ Ke8 8. Qh5+ g6 9. Qxc5 Nge7 10. Qxc3 Rg8 11. Ng5 h6 12. Nh7 Kf7 13. Bxh6 d5 14. Qf3+ Ke6 15. Ng5+ Kd6 16. Nf7+ 1-0

[Event "4NCL Online Division 5"]
[Site "online"]
[Date "2021.03.09"]
[EventDate "2021.03.09"]
[Round "4.112"]
[White "Tran, Le Gia Khuong"]
[WhiteElo "726"]
[WhiteTeam "BCC Foxes"]
[Black "Clarke, Connor"]
[BlackElo "1953"]
[BlackTeam "Chessable White Rose 3"]
[Result "0-1"]
[PlyCount "50"]

1. e4 Nf6 2. Nc3 e5 3. Nf3 Nc6 4. Bb5 Bb4 5. Bxc6 dxc6 6. Nxe5 Bxc3 7. bxc3 Nxe4 8. Qe2 Qd5 9. Nf3 O-O 10. Ba3 Re8 11. d3 Nf6 12. Be7 Qd7 13. O-O Qxe7 14. Qxe7 Rxe7 15. Rfe1 Rxe1+ 16. Rxe1 Be6 17. h3 Re8 18. Nd4 Kf8 19. Nxe6+ Rxe6 20. Rb1 b6 21. Rb2 Ke7 22. Kh2 h5 23. f3 g5 24. g4 Re2+ 25. Kg3 h4# 0-1

[Event "4NCL Online Division 5"]
[Site "online"]
[Date "2021.03.09"]
[EventDate "2021.03.09"]
[Round "4.113"]
[White "Busuioc, Alexandra"]
[WhiteElo "1953"]
[WhiteTeam "Chessable White Rose 3"]
[Black "Panunzio, Jacopo"]
[BlackElo "695"]
[BlackTeam "BCC Foxes"]
[Result "1-0"]
[PlyCount "35"]

1. e4 e5 2. Nf3 Nc6 3. Nc3 Nf6 4. Bb5 Bc5 5. Nxe5 Nxe5 6. d4 Bd6 7. dxe5 Bxe5 8. Qd3 O-O 9. O-O Nh5 10. f4 Nxf4 11. Bxf4 Bxf4 12. Rxf4 Qg5 13. Rf2 d6 14. Raf1 a6 15. Bc4 b5 16. Bxf7+ Kh8 17. Bd5 Ra7 18. Rxf8# 1-0

[Event "4NCL Online Division 5"]
[Site "online"]
[Date "2021.03.09"]
[EventDate "2021.03.09"]
[Round "4.114"]
[White "Wang, Mark"]
[WhiteElo "704"]
[WhiteTeam "BCC Foxes"]
[Black "Posadas, Rayelynn"]
[BlackElo "1924"]
[BlackTeam "Chessable White Rose 3"]
[Result "0-1"]
[PlyCount "40"]

1. e4 c5 2. Nc3 Nc6 3. Nf3 d6 4. d4 cxd4 5. Nxd4 e5 6. Nxc6 bxc6 7. Bc4 g6 8. O-O Bg7 9. Kh1 Ne7 10. f4 O-O 11. fxe5 Bxe5 12. Qf3 Be6 13. Bxe6 fxe6 14. Qd3 Qb6 15. g3 Rxf1+ 16. Qxf1 Rf8 17. Qh3 Qf2 18. Qxe6+ Rf7 19. Qh3 Qe1+ 20. Kg2 Rf2# 0-1

[Event "4NCL Online Division 5"]
[Site "online"]
[Date "2021.03.09"]
[EventDate "2021.03.09"]
[Round "4.121"]
[White "Reynolds, D Ian W"]
[WhiteElo "2011"]
[WhiteTeam "Redbridge All Sorts 1"]
[Black "Jeffs, David"]
[BlackElo "1695"]
[BlackTeam "Warley And Quinborne"]
[Result "1-0"]
[PlyCount "77"]

1. e4 c5 2. c3 e5 3. Nf3 d6 4. Bc4 Qe7 5. O-O h6 6. d4 Be6 7. Qa4+ Bd7 8. Qb3 b6 9. dxe5 dxe5 10. Nbd2 Nc6 11. Re1 Nf6 12. Qc2 g6 13. Nf1 Bg7 14. Ne3 O-O 15. h3 Nh5 16. Nd5 Qd8 17. Be3 Nf6 18. Rad1 Nxd5 19. Bxd5 Qc7 20. Nh2 Rad8 21. Ng4 Bxg4 22. hxg4 Ne7 23. Bc4 Qc6 24. f3 b5 25. Bf1 g5 26. Qb3 a6 27. Qa3 Rc8 28. Rd2 Ng6 29. Red1 b4 30. Qxa6 Qxa6 31. Bxa6 Ra8 32. Bc4 bxc3 33. bxc3 Rfc8 34. Rd7 Rf8 35. Bxc5 Rfc8 36. Bxf7+ Kh7 37. Bb4 Nf4 38. Kf2 Kh8 39. g3 1-0

[Event "4NCL Online Division 5"]
[Site "online"]
[Date "2021.03.09"]
[EventDate "2021.03.09"]
[Round "4.124"]
[White "Woodward, Pauline"]
[WhiteElo "1239"]
[WhiteTeam "Warley And Quinborne"]
[Black "Spurr, Michael"]
[BlackElo "1860"]
[BlackTeam "Redbridge All Sorts 1"]
[Result "0-1"]
[PlyCount "82"]

1. e4 d6 2. d4 Nf6 3. Nc3 Nbd7 4. Bc4 e5 5. Nf3 Be7 6. O-O h6 7. d5 c6 8. Re1 Qc7 9. Nh4 Nc5 10. Nf5 Bxf5 11. exf5 O-O 12. b4 Ncd7 13. Bb2 Nb6 14. Bb3 cxd5 15. Nxd5 Nbxd5 16. Bxd5 Nxd5 17. Qxd5 Qxc2 18. Ba3 Qc6 19. Qd3 Rac8 20. b5 Qc3 21. Qxc3 Rxc3 22. Bb4 Rc4 23. Ba3 Rd8 24. h3 f6 25. f3 Kf7 26. Re4 d5 27. Bxe7 Kxe7 28. Rg4 Rxg4 29. fxg4 Rc8 30. Rd1 d4 31. Kf2 Rc2+ 32. Kf3 Rxa2 33. Ke4 Rb2 34. Rc1 Kd7 35. Rc5 b6 36. Rd5+ Kc7 37. Kd3 Rxg2 38. Kc4 Rc2+ 39. Kb4 Rc5 40. Rxc5+ bxc5+ 41. Kxc5 d3 0-1

[Event "4NCL Online Division 5"]
[Site "online"]
[Date "2021.03.09"]
[EventDate "2021.03.09"]
[Round "4.131"]
[White "Sarpotdar, Amogh"]
[WhiteElo "1976"]
[WhiteTeam "Stroud Middles"]
[Black "Duncanson, Henry G"]
[BlackElo "2177"]
[BlackTeam "Broadland Falco Duboisi"]
[Result "0-1"]
[PlyCount "100"]

1. e4 e5 2. Nf3 Nc6 3. Bb5 Nf6 4. O-O Nxe4 5. d4 Nd6 6. Bxc6 dxc6 7. Nxe5 Be7 8. Nc3 O-O 9. Bf4 Nf5 10. Nf3 Be6 11. Re1 Bf6 12. Ne4 Bxd4 13. Nxd4 Qxd4 14. Qh5 g6 15. Qf3 Bd5 16. c3 Qg7 17. g4 Rae8 18. Bxc7 Bxe4 19. Rxe4 Nh4 20. Qe3 Rxe4 21. Qxe4 f5 22. Qe6+ Qf7 23. Qxf7+ Rxf7 24. Bb8 fxg4 25. Bxa7 Rd7 26. Be3 Kf7 27. a4 Nf5 28. Bc5 Rd2 29. b4 Rc2 30. Rd1 Ke6 31. Rd3 Nh4 32. Kf1 h5 33. h3 Nf3 34. hxg4 hxg4 35. Re3+ Kf5 36. Kg2 Rc1 37. Rxf3+ gxf3+ 38. Kxf3 Rxc3+ 39. Ke2 Ke4 40. Bb6 Rc2+ 41. Kf1 Kf3 42. Ke1 Rb2 43. Bc5 Ke4 44. a5 Kd3 45. Kf1 Kc4 46. f4 Rxb4 47. Bxb4 Kxb4 48. Ke2 c5 49. Kd3 Kxa5 50. Kc4 b6 0-1

[Event "4NCL Online Division 5"]
[Site "online"]
[Date "2021.03.09"]
[EventDate "2021.03.09"]
[Round "4.132"]
[White "Frean, Daniel J"]
[WhiteElo "2065"]
[WhiteTeam "Broadland Falco Duboisi"]
[Black "Davis, Cameron"]
[BlackElo "1589"]
[BlackTeam "Stroud Middles"]
[Result "1/2-1/2"]
[PlyCount "111"]

1. d4 d5 2. c4 c6 3. Nc3 Nf6 4. e3 e6 5. Nf3 Nbd7 6. b3 Bd6 7. Bb2 O-O 8. Be2 Re8 9. O-O dxc4 10. bxc4 e5 11. Qc2 exd4 12. exd4 Nf8 13. Rad1 Qc7 14. h3 Ng6 15. Bd3 Nf4 16. Ne4 Nxe4 17. Bxe4 f5 18. Bd3 Nxd3 19. Qxd3 Be6 20. d5 cxd5 21. cxd5 Bf7 22. Ng5 Rad8 23. Nxf7 Qxf7 24. Rfe1 Rxe1+ 25. Rxe1 Re8 26. Rxe8+ Qxe8 27. g3 Qe1+ 28. Kg2 Qe4+ 29. Qxe4 fxe4 30. Bd4 a6 31. Kf1 Kf7 32. Ke2 b5 33. Ke3 a5 34. Kxe4 g6 35. f4 a4 36. g4 b4 37. f5 gxf5+ 38. Kxf5 b3 39. axb3 axb3 40. Ke4 Be7 41. Kd3 Bf6 42. Bxf6 Kxf6 43. h4 Ke5 44. Kc3 Kxd5 45. Kxb3 Ke4 46. Kc3 Kf4 47. g5 Kg4 48. Kd3 Kxh4 49. Ke3 Kxg5 50. Kf3 Kf5 51. Kg2 Kg4 52. Kh2 h5 53. Kg2 h4 54. Kh2 Kf3 55. Kh3 Kf2 56. Kxh4 1/2-1/2

[Event "4NCL Online Division 5"]
[Site "online"]
[Date "2021.03.09"]
[EventDate "2021.03.09"]
[Round "4.133"]
[White "Killey, Ainsley"]
[WhiteElo "1606"]
[WhiteTeam "Stroud Middles"]
[Black "Saravanan, Karthik"]
[BlackElo "1854"]
[BlackTeam "Broadland Falco Duboisi"]
[Result "0-1"]
[PlyCount "74"]

1. e4 c5 2. Nf3 d6 3. d4 cxd4 4. Nxd4 Nf6 5. Nc3 a6 6. Be2 e5 7. Nf3 h6 8. a4 Be6 9. O-O Be7 10. h3 O-O 11. Be3 Nbd7 12. Qd2 Rc8 13. Rfd1 Qc7 14. Rac1 Rfd8 15. Bd3 Nb6 16. Bxb6 Qxb6 17. b3 Qc6 18. Ne2 Nxe4 19. Bxe4 Qxe4 20. Nc3 Qg6 21. Kh1 e4 22. Nd5 Bxd5 23. Qxd5 exf3 24. Qxf3 Bg5 25. Rb1 Rxc2 26. b4 Bh4 27. g3 Bf6 28. Kg2 Be5 29. Rb3 Qf6 30. Qe3 Rdc8 31. Rd2 R8c3 32. Rxc3 Rxc3 33. Qe4 Qg5 34. Rd3 Rxd3 35. Qxd3 Qc1 36. Qd5 Qc6 37. Qxc6 bxc6 0-1

[Event "4NCL Online Division 5"]
[Site "online"]
[Date "2021.03.09"]
[EventDate "2021.03.09"]
[Round "4.134"]
[White "Badger, Paul"]
[WhiteElo "1762"]
[WhiteTeam "Broadland Falco Duboisi"]
[Black "Sarpotdar, Angad"]
[BlackElo "1448"]
[BlackTeam "Stroud Middles"]
[Result "1-0"]
[PlyCount "57"]

1. e4 c5 2. c3 d5 3. exd5 Qxd5 4. Nf3 Bg4 5. Be2 Nc6 6. O-O e6 7. d4 cxd4 8. Nxd4 Bxe2 9. Qxe2 Nxd4 10. cxd4 Nf6 11. Nc3 Qd7 12. Bg5 Be7 13. Rfd1 O-O 14. d5 exd5 15. Bxf6 Bxf6 16. Nxd5 Qf5 17. Qb5 Qg6 18. Qxb7 Rab8 19. Qxa7 Rxb2 20. Ne7+ Bxe7 21. Qxe7 Qc2 22. Qa7 Re8 23. a4 h6 24. Rac1 Qe2 25. Qd4 Re4 26. Qc5 Rc4 27. Rd8+ Kh7 28. Qf5+ g6 29. Qxf7# 1-0

[Event "4NCL Online Division 5"]
[Site "online"]
[Date "2021.03.09"]
[EventDate "2021.03.09"]
[Round "4.141"]
[White "Gregory, Sam"]
[WhiteElo "1931"]
[WhiteTeam "Dundee City B"]
[Black "Bromilow, Edward T"]
[BlackElo "1885"]
[BlackTeam "Ashfield Anonymous C"]
[Result "1-0"]
[PlyCount "83"]

1. e4 c6 2. d4 d5 3. e5 Bf5 4. Nd2 e6 5. Nb3 Nd7 6. Nf3 c5 7. dxc5 Qc7 8. Bb5 a6 9. Bxd7+ Qxd7 10. O-O Rc8 11. Be3 Nh6 12. Nfd4 Bg6 13. f4 Nf5 14. Nxf5 Bxf5 15. Nd4 Be4 16. b4 g6 17. c3 Bg7 18. Qg4 O-O 19. Qh3 Rce8 20. Nf3 Qb5 21. Ng5 h6 22. Nxe4 dxe4 23. Bd4 Kh7 24. Rae1 a5 25. a3 axb4 26. axb4 f5 27. exf6 Bxf6 28. Bxf6 Rxf6 29. Rxe4 e5 30. Rfe1 Ref8 31. Rxe5 Rxf4 32. Re7+ R8f7 33. Rxf7+ Rxf7 34. Qe6 Kg7 35. Qe5+ Kh7 36. h3 Qc4 37. Kh2 Qd3 38. Re3 Qd2 39. Qd4 Qf2 40. Re8 g5 41. Qxf2 Rxf2 42. Re7+ 1-0

[Event "4NCL Online Division 5"]
[Site "online"]
[Date "2021.03.09"]
[EventDate "2021.03.09"]
[Round "4.142"]
[White "Morgan, Philip D"]
[WhiteElo "1821"]
[WhiteTeam "Ashfield Anonymous C"]
[Black "Kynoch, Richard"]
[BlackElo "1873"]
[BlackTeam "Dundee City B"]
[Result "0-1"]
[PlyCount "44"]

1. e4 d5 2. exd5 Qxd5 3. Nc3 Qa5 4. d4 Nf6 5. Bd2 Bg4 6. Nf3 Nc6 7. Bb5 O-O-O 8. Bxc6 bxc6 9. h3 Qh5 10. Qe2 Bxf3 11. gxf3 Kb8 12. Be3 Qa5 13. Kf1 e6 14. Kg2 g5 15. Ne4 Nh5 16. Kh2 f5 17. Nxg5 Bd6+ 18. Kg2 f4 19. Nxe6 fxe3 20. Nxd8 Rxd8 21. Qxe3 Nf4+ 22. Kf1 Qb5+ 0-1

[Event "4NCL Online Division 5"]
[Site "online"]
[Date "2021.03.09"]
[EventDate "2021.03.09"]
[Round "4.143"]
[White "Dawson, Euan"]
[WhiteElo "1833"]
[WhiteTeam "Dundee City B"]
[Black "Pettinger, Martin"]
[BlackElo "1730"]
[BlackTeam "Ashfield Anonymous C"]
[Result "0-1"]
[PlyCount "72"]

1. e4 c5 2. Nc3 g6 3. g3 Bg7 4. Bg2 Nc6 5. Nge2 d6 6. O-O Nf6 7. h3 O-O 8. d3 e5 9. Be3 b5 10. Qd2 Nd4 11. f4 b4 12. Nd1 Bb7 13. f5 d5 14. Nxd4 cxd4 15. Bg5 dxe4 16. dxe4 Qb6 17. Nf2 Ba6 18. Nd3 Bxd3 19. cxd3 Rac8 20. Rac1 a5 21. g4 Nd7 22. Bh6 Qa6 23. Bxg7 Kxg7 24. h4 Rxc1 25. Rxc1 Rc8 26. g5 Rxc1+ 27. Qxc1 Qxd3 28. f6+ Kg8 29. Qc8+ Nf8 30. Qe8 Qg3 31. Qb5 d3 32. Kf1 Qe3 33. Qd5 Qe2+ 34. Kg1 d2 35. Bf3 Qxf3 36. Qxd2 Qxe4 0-1

[Event "4NCL Online Division 5"]
[Site "online"]
[Date "2021.03.09"]
[EventDate "2021.03.09"]
[Round "4.144"]
[White "Graham, Neil"]
[WhiteElo "1776"]
[WhiteTeam "Ashfield Anonymous C"]
[Black "Babin, Andre"]
[BlackElo "1829"]
[BlackTeam "Dundee City B"]
[Result "1/2-1/2"]
[PlyCount "48"]

1. d4 f5 2. e4 fxe4 3. Nc3 Nf6 4. Bg5 e6 5. Nxe4 Be7 6. Bxf6 Bxf6 7. Nf3 O-O 8. Bd3 Nc6 9. c3 d6 10. Nxf6+ Qxf6 11. Qe2 e5 12. dxe5 dxe5 13. O-O-O Bf5 14. Bxf5 Qxf5 15. Rhe1 Rae8 16. Qe4 Re7 17. Qxf5 Rxf5 18. Re4 h6 19. Rd5 a6 20. a4 Rf4 21. Rxf4 exf4 22. Kd2 g5 23. Nd4 Nxd4 24. Rxd4 Kf7 1/2-1/2

[Event "4NCL Online Division 5"]
[Site "online"]
[Date "2021.03.09"]
[EventDate "2021.03.09"]
[Round "4.151"]
[White "Pico Ruiz, Javier"]
[WhiteElo "1800"]
[WhiteTeam "Shropshire 4"]
[Black "Nandi, Asoke K"]
[BlackElo "1481"]
[BlackTeam "Uxbridge Destroyers"]
[Result "1-0"]
[PlyCount "55"]

1. d4 d5 2. c4 e6 3. Nc3 Nf6 4. Bg5 Nbd7 5. cxd5 exd5 6. a3 Be7 7. Nf3 a6 8. e3 O-O 9. Bd3 b5 10. O-O Bb7 11. Qc2 c5 12. dxc5 Bxc5 13. Bxh7+ Kh8 14. Bf5 Be7 15. Rad1 Nb6 16. e4 Qc7 17. e5 Ne4 18. Bxe7 Qxe7 19. Nxe4 dxe4 20. Bxe4 Rac8 21. Qe2 Rfe8 22. Bxb7 Qxb7 23. Ng5 Kg8 24. Qh5 Rxe5 25. Qh7+ Kf8 26. Qh8+ Ke7 27. Qxg7 Rf5 28. Rfe1+ 1-0

[Event "4NCL Online Division 5"]
[Site "online"]
[Date "2021.03.09"]
[EventDate "2021.03.09"]
[Round "4.152"]
[White "Smith, Richard"]
[WhiteElo "1462"]
[WhiteTeam "Uxbridge Destroyers"]
[Black "Podlesak, Mark"]
[BlackElo "1749"]
[BlackTeam "Shropshire 4"]
[Result "0-1"]
[PlyCount "96"]

1. c4 Nf6 2. Nc3 e5 3. g3 Nc6 4. Bg2 Bb4 5. a3 Bxc3 6. bxc3 O-O 7. e3 e4 8. Rb1 Ne5 9. Ne2 Nd3+ 10. Kf1 Ng4 11. Qc2 Ngxf2 12. Kg1 f5 13. Nf4 Nxh1 14. Bxh1 Nxf4 15. exf4 Qe7 16. a4 Qc5+ 17. Kg2 Qxc4 18. Ba3 c5 19. Kf2 b6 20. Bg2 d6 21. Bf1 Qd5 22. Bb2 Bb7 23. Ke3 Qe6 24. c4 Rad8 25. Qc3 Rf7 26. a5 d5 27. cxd5 Bxd5 28. axb6 axb6 29. Qe5 Qh6 30. h3 Qh5 31. g4 Qh4 32. d3 Qg3+ 33. Kd2 Ba2 34. Rc1 Qf2+ 35. Kc3 Rfd7 36. Rd1 Qd4+ 37. Qxd4 cxd4+ 38. Kb4 e3 39. Be2 Rc8 40. Ba1 Rc5 41. g5 Bd5 42. Bxd4 Rc2 43. Re1 Bf3 44. Bxf3 Rxd4+ 45. Kb3 Rd2 46. Rxe3 R2xd3+ 47. Rxd3 Rxd3+ 48. Kb4 Rxf3 0-1